[Event "NRW Class1 1718"]
[Site "Germany"]
[Date "2018.04.08"]
[Round "8.1"]
[White "Niermann, Tristan"]
[Black "Loifenfeld, Jakov"]
[Result "0-1"]
[WhiteElo "2178"]
[BlackElo "2413"]
[PlyCount "68"]
[EventDate "2017.09.17"]
[EventType "team-tourn"]
[EventRounds "9"]
[EventCountry "GER"]
[SourceTitle "EXT 2019"]
[Source "ChessBase"]
[SourceDate "2018.10.10"]
[SourceVersion "1"]
[SourceVersionDate "2018.10.10"]
[SourceQuality "1"]
[WhiteTeam "Lieme"]
[BlackTeam "Bruehl"]
[WhiteTeamCountry "GER"]
[BlackTeamCountry "GER"]

1. d4 d6 2. g3 e5 3. dxe5 dxe5 4. Qxd8+ Kxd8 5. Bg2 c6 6. Nf3 f6 7. 0-0 Bf5 8. c3 Nd7 9. Rd1 Kc7 10. Be3 Ne7 11. c4 Be6 12. b3 Nf5 13. Bc1 a5 14. Nc3 Nc5 15. Bd2 Be7 16. Be1 Rhd8 17. Rac1 Rxd1 18. Nxd1 a4 19. b4 Nd7 20. a3 Nb6 21. Nb2 e4 22. Nd2 Nd4 23. Bf1 f5 24. c5 Nd5 25. Nbc4 Bf6 26. Na5 Nb3 27. Ndxb3 axb3 28. Nxb3 Rxa3 29. Na5 Ra4 30. e3 Nxb4 31. Nxb7 Kxb7 32. Rb1 Kc7 33. Rxb4 Ra1 34. Bd2 Rd1 0-1

[Event "NRW Class1 1718"]
[Site "Germany"]
[Date "2018.01.28"]
[Round "5.1"]
[White "Scheider, Julian"]
[Black "Niermann, Tristan"]
[Result "1/2-1/2"]
[WhiteElo "2306"]
[BlackElo "2178"]
[PlyCount "186"]
[EventDate "2017.09.17"]
[EventType "team-tourn"]
[EventRounds "9"]
[EventCountry "GER"]
[SourceTitle "EXT 2019"]
[Source "ChessBase"]
[SourceDate "2018.10.10"]
[SourceVersion "1"]
[SourceVersionDate "2018.10.10"]
[SourceQuality "1"]
[WhiteTeam "Iserlohn Koenigsspringer"]
[BlackTeam "Lieme"]
[WhiteTeamCountry "GER"]
[BlackTeamCountry "GER"]

1. e4 e5 2. Nf3 Nc6 3. d4 exd4 4. Nxd4 Nf6 5. Nxc6 bxc6 6. e5 Qe7 7. Qe2 Nd5 8. c4 Nb6 9. Nc3 Bb7 10. Bd2 g6 11. Ne4 0-0-0 12. a4 Ba6 13. Qe3 Qxe5 14. Bc3 Bb4 15. Bxb4 Rhe8 16. 0-0-0 Qxe4 17. Qxe4 Rxe4 18. f3 Re6 19. b3 d6 20. h4 h5 21. g4 c5 22. Bd2 Bb7 23. gxh5 Bxf3 24. hxg6 Rxg6 25. Bd3 Rgg8 26. Rhf1 Bxd1 27. Kxd1 Nd7 28. Bf5 Kb8 29. h5 Ne5 30. h6 Rg2 31. Be4 Rh2 32. h7 Rh8 33. Bf4 Rh4 34. Bxe5 dxe5 35. Bf5 c6 36. Ke2 Kc7 37. Rd1 R4xh7 38. Bxh7 Rxh7 39. Rf1 Kb6 40. Rf6 Rh3 41. Rxf7 Rxb3 42. Re7 Rc3 43. Rxe5 Rxc4 44. Kd3 Rxa4 45. Re7 Rh4 46. Kc3 a5 47. Re8 c4 48. Re5 a4 49. Kb4 c3+ 50. Kxc3 Rh7 51. Kb4 Ra7 52. Ka3 c5 53. Re1 Kb5 54. Rb1+ Kc6 55. Rc1 Ra5 56. Rd1 Kb5 57. Rb1+ Kc4 58. Rc1+ Kd3 59. Rd1+ Kc2 60. Rd5 Kc3 61. Rh5 Kc4 62. Rh1 Ra7 63. Rc1+ Kd5 64. Rd1+ Kc6 65. Rc1 Ra8 66. Rh1 Kb5 67. Rb1+ Ka5 68. Rc1 Kb6 69. Rb1+ Kc6 70. Rc1 Ra5 71. Rh1 Kd5 72. Rd1+ Ke4 73. Re1+ Kd4 74. Rd1+ Kc3 75. Rd5 Rb5 76. Kxa4 Rb4+ 77. Ka3 Rb3+ 78. Ka2 Rb2+ 79. Ka3 c4 80. Rh5 Rd2 81. Rh4 Rd8 82. Rh3+ Rd3 83. Rh2 Rd4 84. Rg2 Re4 85. Rg3+ Kc2 86. Rg2+ Kd3 87. Kb2 Re3 88. Rh2 Rg3 89. Rc2 Rg8 90. Rc3+ Kd4 91. Rh3 Rg2+ 92. Kc1 c3 93. Rh8 Rg1+ 1/2-1/2